LEADER 03991nas 2200973-a 450 001 996201083503316 005 20240117213019.0 011 $a1557-9972 035 $a(DE-599)ZDB2070854-3 035 $a(OCoLC)44466312 035 $a(CKB)954925625322 035 $a(CONSER)--2005215203 035 $a(EXLCZ)99954925625322 100 $a20000623b19992010 s-- a 101 0 $aeng 135 $aurcn||||||||| 181 $ctxt$2rdacontent 182 $cc$2rdamedia 183 $acr$2rdacarrier 200 10$aIEEE transactions on components and packaging technologies $ea publication of the IEEE Components, Packaging, and Manufacturing Technology Society 210 $aNew York, NY $cInstitute of Electrical and Electronics Engineers$d©1999-2010 300 $aRefereed/Peer-reviewed 300 $aTitle from IEEExplore homepage (viewed June 23, 2000). 311 $a1521-3331 517 3 $aTransactions on components and packaging technologies 517 3 $aComponents and packaging technologies 517 3 $aInstitute of Electrical and Electronics Engineers transactions on components and packaging technologies 517 1 $aComponents and packaging technologies, IEEE transactions on 531 $aIEEE T COMPON PACK T 531 $aCOMPONENTS AND PACKAGING TECHNOLOGIES, IEEE TRANSACTIONS ON [SEE ALSO COMPONENTS, PACKAGING AND MANUFACTURING TECHNOLOGY, PART A: PACKAGING TECHNOLOGIES, IEEE TRANSACTIONS ON] 531 $aIEEE TRANSACTIONS ON COMPONENTS & PACKAGING TECHNOLOGIES 531 $aIEEE TRANS. COMPON. PACKAG. TECHNOL 531 0 $aIEEE trans. compon. packag. technol. 606 $aElectronic apparatus and appliances$vPeriodicals 606 $aElectric apparatus and appliances$vPeriodicals 606 $aElectronic industries$vPeriodicals 606 $aElectric industries$vPeriodicals 606 $aAppareils électroniques$xPériodiques 606 $aAppareils électriques$xPériodiques 606 $aIndustries électroniques$xPériodiques 606 $aIndustries électriques$xPériodiques 606 $aAppareils électriques$vPériodiques 606 $aIndustries électroniques$vPériodiques 606 $aIndustries électriques$vPériodiques 606 $aElectric apparatus and appliances$2fast$3(OCoLC)fst00904405 606 $aElectric industries$2fast$3(OCoLC)fst00904915 606 $aElectronic apparatus and appliances$2fast$3(OCoLC)fst00906772 606 $aElectronic industries$2fast$3(OCoLC)fst00907240 606 $aElektronik$2gnd 606 $aFertigungstechnik$2gnd 606 $aZeitschrift$2gnd 606 $aWerkstoff$2gnd 606 $aElektrotechnik$2gnd 606 $aElektronisches Bauelement$2gnd 608 $aPeriodicals.$2fast 608 $aPeriodicals.$2lcgft 615 0$aElectronic apparatus and appliances 615 0$aElectric apparatus and appliances 615 0$aElectronic industries 615 0$aElectric industries 615 6$aAppareils électroniques$xPériodiques. 615 6$aAppareils électriques$xPériodiques. 615 6$aIndustries électroniques$xPériodiques. 615 6$aIndustries électriques$xPériodiques. 615 6$aAppareils électriques 615 6$aIndustries électroniques 615 6$aIndustries électriques 615 7$aElectric apparatus and appliances. 615 7$aElectric industries. 615 7$aElectronic apparatus and appliances. 615 7$aElectronic industries. 615 7$aElektronik 615 7$aFertigungstechnik 615 7$aZeitschrift 615 7$aWerkstoff 615 7$aElektrotechnik 615 7$aElektronisches Bauelement 676 $a621.3 712 02$aInstitute of Electrical and Electronics Engineers. 712 02$aComponents, Packaging & Manufacturing Technology Society, 906 $aJOURNAL 912 $a996201083503316 996 $aIEEE transactions on components and packaging technologies$92425722 997 $aUNISA